Kader VfL Wolfsburg - Statistiken

Allgemein
  • Dieses Quiz wurde 232 mal gespielt
    77 seit der letzten Aktualisierung
  • Das Durchschnittsergebnis liegt bei 13 aus 29
Antwortstatistiken
# Spieler % Korrekt
1 Koen Casteels
92%
27 Maximilian Arnold
88%
23 Jonas Wind
76%
10 Lukas Nmecha
75%
4 Maxence Lacroix
75%
Niko Kovac
75%
31 Yannick Gerhardt
75%
3 Sebastiaan Bornauw
67%
20 Ridle Baku
65%
39 Patrick Wimmer
53%
32 Mattias Svanberg
51%
12 Pavao Pervan
49%
16 Jakub Kaminski
43%
40 Kevin Paredes
41%
6 Aster Vranckx
39%
33 Cédric Zesiger
39%
25 Moritz Jenz
39%
11 Tiago Tomas
39%
2 Kilian Fischer
37%
5 Micky van de Ven
35%
7 Vaclav Cerny
35%
8 Nicolas Cozza
29%
30 Niklas Klinger
20%
35 Philipp Schulze
18%
18 Dzenan Pejcinovic
16%
17 Maximilian Philipp
16%
42 Felix Lange
14%
36 Lukas Ambros
10%
38 Bartol Franjic
8%
Keine übereinstimmenden Quizze gefunden
Verteilung der Resultate
Anzahl Personen mit jedem Resultat
Perzentil nach korrekt beantworteten Fragen
Ihre Resultats-Entwicklung
Sie haben dieses Quiz seit der letzten Aktualisierung nicht gespielt